ARRUPE JESUIT UNIVERSITY

CORONAVIRUS -STOP THE SPREAD - CLEAN,DISINFECT,COVER

Around Africa on my bicycle / (Record no. 129990)

MARC details
000 -LEADER
fixed length control field 00987cam a22002894a 4500
001 - CONTROL NUMBER
control field 15107291
003 - CONTROL NUMBER IDENTIFIER
control field ARRUPE
005 - DATE AND TIME OF LATEST TRANSACTION
control field 20191112115449.0
008 - FIXED-LENGTH DATA ELEMENTS--GENERAL INFORMATION
fixed length control field 071210s2007 sa a 000 0 eng
010 ## - LIBRARY OF CONGRESS CONTROL NUMBER
LC control number 2007492152
020 ## - INTERNATIONAL STANDARD BOOK NUMBER
International Standard Book Number 9781868422470 (pbk.)
020 ## - INTERNATIONAL STANDARD BOOK NUMBER
International Standard Book Number 186842247X (pbk.)
040 ## - CATALOGING SOURCE
Original cataloging agency DLC
Transcribing agency DLC
Modifying agency DLC
043 ## - GEOGRAPHIC AREA CODE
Geographic area code f------
050 00 - LIBRARY OF CONGRESS CALL NUMBER
Classification number DT12.25
Item number .M355 2007
300 ## - PHYSICAL DESCRIPTION
Other physical details col. ill., map ;
Dimensions 24 cm.
100 1# - MAIN ENTRY--PERSONAL NAME
Personal name Manser, Riaan.
9 (RLIN) 48568
245 10 - TITLE STATEMENT
Title Around Africa on my bicycle /
Statement of responsibility, etc Riann Manser.
260 ## - PUBLICATION, DISTRIBUTION, ETC. (IMPRINT)
Place of publication, distribution, etc Johannesburg :
Name of publisher, distributor, etc Jonathan Ball Publishers,
Date of publication, distribution, etc c2007.
300 ## - PHYSICAL DESCRIPTION
Extent x, 705 p. :
600 10 - SUBJECT ADDED ENTRY--PERSONAL NAME
Personal name Manser, Riann
General subdivision Travel
Geographic subdivision Africa.
9 (RLIN) 48569
650 #0 - SUBJECT ADDED ENTRY--TOPICAL TERM
Topical term or geographic name as entry element Cycling
Geographic subdivision Africa.
9 (RLIN) 48570
651 #0 - SUBJECT ADDED ENTRY--GEOGRAPHIC NAME
Geographic name Africa
General subdivision Description and travel.
9 (RLIN) 48571
856 41 - ELECTRONIC LOCATION AND ACCESS
Materials specified Table of contents only
Uniform Resource Identifier <a href="http://www.loc.gov/catdir/toc/fy0805/2007492152.html">http://www.loc.gov/catdir/toc/fy0805/2007492152.html</a>
906 ## - LOCAL DATA ELEMENT F, LDF (RLIN)
a 7
b cbc
c origres
d 3
e ncip
f 20
g y-gencatlg
942 ## - ADDED ENTRY ELEMENTS (KOHA)
Source of classification or shelving scheme Library of Congress Classification
Koha item type Monograph ( Printed materials)
Holdings
Withdrawn status Lost status Source of classification or shelving scheme Damaged status Not for loan Collection code Home library Current library Shelving location Date acquired Total Checkouts Full call number Barcode Date last seen Price effective from Koha item type
    Library of Congress Classification     Main Collection ARRUPE LIBRARY ARRUPE LIBRARY Main Collection 12/11/2019   DT12.25 .M355 2007 46600005712 12/11/2019 12/11/2019 Monograph ( Printed materials)

 

Arrupe Library. PO Box MP320 Mt Pleasant, Harare, Zimbabwe
263 242 745411|librarian@aju.ac.zw